Filosofía
| Main Author: | |
|---|---|
| Format: | Section = Libro |
| Language: | Undetermined Spanish |
| Published: |
Estelí
[s.e.]
2016
|
| Subjects: |
| LEADER | 00405nam a2200169Ia 4500 | ||
|---|---|---|---|
| 008 | 240830s9999 xx 000 0 und d | ||
| 040 | |a B-ESTELÍ- RUACS / 100 L864 | ||
| 041 | |a spa | ||
| 082 | |a 100 L864 | ||
| 100 | 1 | |a López Alvarado, Juan José | |
| 245 | 1 | 0 | |a Filosofía |
| 260 | |a Estelí |b [s.e.] |c 2016 | ||
| 300 | |a 100 p. :il. | ||
| 650 | 7 | |a FILOSOFIA | |
| 942 | |c BK |2 ddc | ||
| 991 | |a TEXTO | ||
| 999 | |c 10614 | ||